Normal view
MARC view
- Diego, Mignon Cecilia S.,
Entry Personal Name
001 - CONTROL NUMBER
- control field: 6583
003 - CONTROL NUMBER IDENTIFIER
- control field: URS
005 - DATE AND TIME OF LATEST TRANSACTION
- control field: 20251022160942.0
008 - FIXED-LENGTH DATA ELEMENTS
- fixed length control field: 251022|| aca||aabn | a|a d
040 ## - CATALOGING SOURCE
- Original cataloging agency: URS
100 ## - HEADING--PERSONAL NAME
- Personal name: Diego, Mignon Cecilia S.,
- Relator term: author.